[Event "2023 African Individual Junior Chess Championships (Open)"]
[Site "Nouakchott"]
[Date "2023.12.05"]
[Round "1"]
[Board "1"]
[White "Abdou, Abdellahi Ahmed Alem"]
[Black "Wafa, Hamed"]
[Result "0-1"]
[WhiteElo "1795"]
[BlackElo "2325"]
[PlyCount "0"]
[EventDate "2023.12.05"]
[EventRounds "9"]
[EventCountry "MTN"]

1. Nf3 c5 2. e3 Nf6 3. b3 g6 4. Bb2 Bg7 5. c4 O-O 6. Nc3 Nc6 7. d4 d5 8. Rc1 cxd4
9. exd4 Bg4 10. Nxd5 Nxd5 11. cxd5 Qxd5 12. Be2 Rfd8 13. O-O Qd7 14. Rc4 Be6 15.
Rc2 Nxd4 16. Bxd4 Bxd4 17. Rd2 Bxf2+ 18. Rxf2 Qc7 19. Ng5 Bf5 20. Bc4 e6 21. Rxd8+
Rxd8 22. Rd2 Rxd2 23. Qxd2 b5 24. Be2 e5 25. Bf3 Kg7 26. Bd5 f6 27. Ne4 b4 28. Qxb4
Qc1+ 29. Kf2 Qf4+ 30. Ke1 Qe3+ 31. Kd1 Qd3+ 32. Qd2 Bxe4 33. Qxd3 Bxd3 34. Kd2 Bf1
35. Ke3 f5 36. a4 a5 37. Kf2 Ba6 38. h3 Kf6 39. g4 e4 40. Bg8 h6 41. gxf5 gxf5 42.
Bh7 Ke5 43. Bg6 f4  0-1

[Event "2023 African Individual Junior Chess Championships (Open)"]
[Site "Nouakchott"]
[Date "2023.12.05"]
[Round "1"]
[Board "2"]
[White "Mhango, Banele"]
[Black "Kweiri, Tawfik Ezzeddin"]
[Result "1-0"]
[WhiteElo "2248"]
[BlackElo "1792"]
[PlyCount "0"]
[EventDate "2023.12.05"]
[EventRounds "9"]
[EventCountry "MTN"]

1. d4 Nf6 2. Nf3 e6 3. g3 b6 4. Bg2 Bb7 5. O-O Be7 6. c4 O-O 7. Nc3 Ne4 8. Qd3 d5
9. cxd5 exd5 10. Bf4 Bd6 11. Rac1 Bxf4 12. gxf4 Re8 13. Qc2 Nc6 14. e3 Rc8 15. Qa4
Na5 16. Ne5 f6 17. Nf3 c5 18. Rfd1 Nc4 19. Qc2 cxd4 20. Nxd4 Nxc3 21. bxc3 g6 22.
f5 Na3 23. Qd3 Nc4 24. Qb1 Na3 25. Qb3 Nc4 26. Ne6 Qe7 27. Nf4 Nxe3 28. Re1 Qc5 29.
fxe3 Rxe3 30. Kh1 gxf5 31. Bxd5+ Kh8 32. Bxb7 Rxe1+ 33. Rxe1 Rg8 34. Qf7 Qd6 35.
Bd5  1-0

[Event "2023 African Individual Junior Chess Championships (Open)"]
[Site "Nouakchott"]
[Date "2023.12.05"]
[Round "1"]
[Board "3"]
[White "Fates, Omer Salah"]
[Black "Olisa, Tennyson Ewomazino"]
[Result "*"]
[WhiteElo "1760"]
[BlackElo "2209"]
[PlyCount "0"]
[EventDate "2023.12.05"]
[EventRounds "9"]
[EventCountry "MTN"]

1. e4 c5 2. Nf3 Nc6 3. d4 cxd4 4. Nxd4 Qb6 5. Nxc6 bxc6 6. Nc3 e5 7. Bc4 Nf6 8. O-O
Be7 9. Rb1 d6 10. h3 Be6 11. Qe2 O-O 12. Rd1 Rad8 13. Be3 Qc7 14. Bg5 Qb7 15. Bxe6
fxe6 16. Rd3 Ne8 17. Bxe7 Qxe7 18. Qe3 Nf6 19. Re1 Nh5 20. Ne2 Rf7 21. c4 Qf6 22.
Red1 Rfd7 23. b3 Qe7 24. Qf3 Nf6 25. Nc3 d5 26. Qe2 h6 27. exd5 exd5 28. cxd5 cxd5
29. Re3 e4 30. Rd4 Qe5 31. Qd1 Rc8 32. g3 Rdc7 33. Qd2 Rc5 34. Kg2 Qg5 35. Ne2 Rc2
36. Qa5 Qf5 37. Rd2 Rxd2 38. Qxd2 Rf8 39. Nf4 g5 40. Ne2 Nd7 41. Nd4 Qf6 42. g4 Ne5
43. Nf5 Nd3 44. Qa5 Nf4+ 45. Kf1 Rc8 46. Re1

[Event "2023 African Individual Junior Chess Championships (Open)"]
[Site "Nouakchott"]
[Date "2023.12.05"]
[Round "1"]
[Board "4"]
[White "Simpson, Michael"]
[Black "Med, Elmoctar Sidatty Sidaty"]
[Result "1-0"]
[WhiteElo "2093"]
[BlackElo "1708"]
[PlyCount "0"]
[EventDate "2023.12.05"]
[EventRounds "9"]
[EventCountry "MTN"]

1. Nf3 d5 2. e3 Nf6 3. c4 e6 4. Nc3 Be7 5. b3 Nbd7 6. Bb2 O-O 7. d4 Re8 8. Bd3 c6
9. O-O a5 10. e4 dxe4 11. Nxe4 Nxe4 12. Bxe4 Bf6 13. Qc2 Nf8 14. Ne5 a4 15. b4 a3
16. Bc3 Ng6 17. f4 Qc7 18. Rf2 Bd7 19. Raf1 Red8 20. g3 Nf8 21. h4 Be8 22. h5 Qe7
23. Nf3 Rac8 24. g4 g6 25. g5 Bh8 26. h6 Ra8 27. Re1 f5 28. Bd3 b6 29. c5 b5 30.
d5 Rxd5 31. Bxh8 Kxh8 32. Qc3+ Kg8 33. Bc2 Qc7 34. Ne5 Ra7 35. Bb3 Rd8 36. Rd2 Rxd2
37. Qxd2 Qb8 38. Qd4 Re7 39. Nxc6 Bxc6 40. Rxe6 Kf7 41. Qf6+  1-0

[Event "2023 African Individual Junior Chess Championships (Open)"]
[Site "Nouakchott"]
[Date "2023.12.05"]
[Round "1"]
[Board "5"]
[White "Abderrahmane, Tolba"]
[Black "Alhassadi, Yousef A."]
[Result "0-1"]
[WhiteElo "1655"]
[BlackElo "2079"]
[PlyCount "0"]
[EventDate "2023.12.05"]
[EventRounds "9"]
[EventCountry "MTN"]

1. d4 d5 2. Bf4 e6 3. e3 Nf6 4. Nf3 c5 5. c3 Nc6 6. Nbd2 Bd6 7. Bxd6 Qxd6 8. Be2
O-O 9. O-O e5 10. dxe5 Nxe5 11. Nc4 Nxc4 12. Bxc4 Qb6 13. Bxd5 Rd8 14. c4 Be6 15.
Qc2 Nxd5 16. cxd5 Bxd5 17. e4 Be6 18. b3 Qb4 19. h3 h6 20. Rfd1 Rxd1+ 21. Rxd1 a5
22. Rb1 a4 23. bxa4 Qxa4 24. Qxc5 Qxe4 25. Rxb7 Qxb7  0-1

[Event "2023 African Individual Junior Chess Championships (Open)"]
[Site "Nouakchott"]
[Date "2023.12.05"]
[Round "1"]
[Board "6"]
[White "George Samir, David"]
[Black "Ahmed, Cherif Khaled Abdellahi"]
[Result "1-0"]
[WhiteElo "1903"]
[BlackElo "1430"]
[PlyCount "0"]
[EventDate "2023.12.05"]
[EventRounds "9"]
[EventCountry "MTN"]

1. e4 c5 2. Nf3 Nc6 3. d4 cxd4 4. Nxd4 g6 5. c4 Nf6 6. Nc3 d6 7. Be2 Bg7 8. Be3 Nxd4
9. Bxd4 Qa5 10. O-O O-O 11. f4 Rd8 12. a3 Bd7 13. b4 Qc7 14. Bxf6 Bxf6 15. Nd5 Qb8
16. Nxf6+ exf6 17. f5 g5 18. Qd4 Kg7 19. h4 h6 20. Rad1 b5 21. Rf3 bxc4 22. hxg5
hxg5 23. Rg3 Qb6 24. Rxg5+ Kf8 25. Rg3 Ba4 26. Rd2 Rac8 27. Rc3 d5 28. exd5 Rxd5
29. Qxb6 Rxd2 30. Qxf6 Rc6 31. Qh8+ Ke7 32. Re3+ Kd7 33. Qe8+ Kc7 34. Re7+ Kb6 35.
Qb8+ Ka6 36. Rxa7#  1-0

[Event "2023 African Individual Junior Chess Championships (Open)"]
[Site "Nouakchott"]
[Date "2023.12.06"]
[Round "2"]
[Board "1"]
[White "Wafa, Hamed"]
[Black "George Samir, David"]
[Result "1-0"]
[WhiteElo "2325"]
[BlackElo "1903"]
[PlyCount "0"]
[EventDate "2023.12.05"]
[EventRounds "9"]
[EventCountry "MTN"]

1. e4 c5 2. Nf3 d6 3. d4 cxd4 4. Nxd4 Nf6 5. Nc3 Nc6 6. Bg5 e6 7. Qd2 a6 8. O-O-O
h6 9. Nxc6 bxc6 10. Bf4 d5 11. Qe3 Bb4 12. f3 Qa5 13. Be5 O-O 14. a3 Bc5 15. Qf4
Qb6 16. Rd3 Nd7 17. Na4 Qa5 18. Nxc5 Nxe5 19. Qxe5 Qe1+ 20. Rd1 Qe3+ 21. Kb1 Qxc5
22. exd5 cxd5 23. Qd4 Qe7 24. g4 Bd7 25. h4 Rab8 26. Ka2 Rfc8 27. Bd3 e5 28. Rhe1
f6 29. f4 Bxg4 30. fxe5 Bxd1 31. Qxd5+ Kh8 32. Rxd1 Qxe5 33. Qxe5 fxe5 34. Re1 Rb6
35. Rxe5 g6 36. b4 Rc7 37. Kb3 Kg7 38. c4 Kf6 39. Rd5 Re6 40. b5 axb5 41. cxb5 Re3
42. Kb4 Ke6 43. Rd4 g5 44. hxg5 hxg5 45. b6 Rc8 46. a4 g4 47. Bb5 Rb8 48. Rxg4 Kf5
49. Bd7+ Kf6 50. a5 Re1 51. Kb5 Ra8 52. Ra4 Re5+ 53. Kc6 Rexa5 54. Rxa5 Rxa5 55.
b7 Ra6+ 56. Kc5 Ra7 57. b8=Q Rxd7 58. Qf4+ Ke6 59. Kc6 Rd8 60. Qe4 Kf7 61. Qf5+ Ke7
62. Kc7 Rf8 63. Qe5 Kf7 64. Kd7 Kg6 65. Ke7 Rf5 66. Qe4 Kg5 67. Ke6 Rf4 68. Qe3 Kg4
69. Ke5 Rf3 70. Qg1+ Rg3 71. Qd1+ Kg5 72. Qd8 Kg4 73. Ke4 Kh3 74. Qd1 Rg4+ 75. Kf3
Rg3+ 76. Kf4 Rg7 77. Qh1+  1-0

[Event "2023 African Individual Junior Chess Championships (Open)"]
[Site "Nouakchott"]
[Date "2023.12.06"]
[Round "2"]
[Board "2"]
[White "Alhassadi, Yousef A."]
[Black "Mhango, Banele"]
[Result "1/2-1/2"]
[WhiteElo "2079"]
[BlackElo "2248"]
[PlyCount "0"]
[EventDate "2023.12.05"]
[EventRounds "9"]
[EventCountry "MTN"]

1. e4 c5 2. c3 Nf6 3. e5 Nd5 4. Nf3 Nc6 5. Bc4 Nb6 6. Bb3 c4 7. Bc2 d6 8. exd6 e6
9. O-O Bxd6 10. b3 O-O 11. bxc4 Nxc4 12. d4 g6 13. Qe2 Nb6 14. Nbd2 Bf4 15. Ne4 Bxc1
16. Raxc1 Qe7 17. Rfd1 Bd7 18. Nc5 Be8 19. Be4 Rd8 20. Rb1 Na5 21. Ne5 Nd5 22. Qe1
b6 23. Nb3 Nb7 24. c4 Nf6 25. Bf3 Nd6 26. d5 exd5 27. cxd5 Nf5 28. g3 Ba4 29. Qc3
Rc8 30. Nc6 Qd6 31. Qb2 Rc7 32. Rd2 Bxb3 33. axb3 Re8 34. b4 Nd7 35. Re2 Rxe2 36.
Qxe2 Nf6 37. Rd1 Rd7 38. Bg2 Ne7 39. Nxe7+ Rxe7 40. Qc4 Rc7 41. Qd4 Ne8 42. h4 h5
43. Re1 Re7 44. Rc1 Rc7 45. Re1 Re7 46. Rc1  1/2-1/2

[Event "2023 African Individual Junior Chess Championships (Open)"]
[Site "Nouakchott"]
[Date "2023.12.06"]
[Round "2"]
[Board "3"]
[White "Abdellahi, Khaled Abdellahi"]
[Black "Simpson, Michael"]
[Result "0-1"]
[WhiteElo "1869"]
[BlackElo "2093"]
[PlyCount "0"]
[EventDate "2023.12.05"]
[EventRounds "9"]
[EventCountry "MTN"]

1. d4 d5 2. Bf4 c5 3. e3 Nc6 4. c3 Qb6 5. Qb3 c4 6. Qc2 e5 7. dxe5 Bf5 8. Qc1 g5
9. Bg3 h5 10. h3 Bg7 11. Nf3 Nh6 12. Nd4 Bxe5 13. Nxc6 Bxg3 14. Nd4 Be5 15. Nxf5
Nxf5 16. Be2 O-O-O 17. g4 Nh4 18. Qc2 Kb8 19. Nd2 hxg4 20. Bxg4 f5 21. Bxf5 Rhf8
22. Bg4 Ng2+ 23. Ke2 Rxf2+ 24. Kxf2 Nxe3 25. Qc1 Nxg4+ 26. Kf3 Rf8+ 27. Kxg4 Rf4+
 0-1

[Event "2023 African Individual Junior Chess Championships (Open)"]
[Site "Nouakchott"]
[Date "2023.12.06"]
[Round "2"]
[Board "4"]
[White "Olisa, Tennyson Ewomazino"]
[Black "Hallal, Tarik"]
[Result "0-1"]
[WhiteElo "2209"]
[BlackElo "1868"]
[PlyCount "0"]
[EventDate "2023.12.05"]
[EventRounds "9"]
[EventCountry "MTN"]

1. c4 Nf6 2. Nc3 g6 3. g3 Bg7 4. d4 O-O 5. Nf3 d6 6. Bg2 Nbd7 7. O-O e5 8. d5 Nc5
9. Nd2 a5 10. b3 e4 11. Qc2 Bf5 12. e3 Re8 13. Ba3 Qe7 14. h3 h5 15. Rad1 b6 16.
Nb5 Qd7 17. Kh2 Nh7 18. Bb2 Ng5 19. Bxg7 Nf3+ 20. Bxf3 exf3 21. Qc3 Bxh3 22. Bh6
f6 23. Qxf6 Kh7 24. Bf4 Bg2 25. Qh4 Nd3 26. Nd4 Qg4 27. N2xf3 Bxf1 28. Qxg4 hxg4
29. Ng5+ Kg7 30. Nde6+ Kf6 31. Rxf1 Rh8+ 32. Kg2 Rh5 33. f3 Rah8 34. fxg4 Rh2+ 35.
Kf3 Rxa2 36. Nxc7 Rhh2 37. Ne4+ Ke7 38. g5 Nxf4 39. gxf4 Rab2 40. Nb5 Rxb3 41. Nd4
Rbb2 42. f5 gxf5 43. Nxf5+ Kf7 44. Rg1 Kg6 45. Ne7+ Kg7 46. g6 Rh3+ 47. Kg4 Rbh2
48. Ng3 Kf6 49. Rf1+ Kxe7 50. g7 Rh4+ 51. Kg5 R4h3 52. Rf3 Rg2 53. Kg4 Rhxg3+ 54.
Rxg3 Rxg3+ 55. Kxg3 Kf7 56. Kf4 a4  0-1

[Event "2023 African Individual Junior Chess Championships (Open)"]
[Site "Nouakchott"]
[Date "2023.12.06"]
[Round "2"]
[Board "5"]
[White "Junior, Domingos"]
[Black "Fates, Omer Salah"]
[Result "1/2-1/2"]
[WhiteElo "2142"]
[BlackElo "1760"]
[PlyCount "0"]
[EventDate "2023.12.05"]
[EventRounds "9"]
[EventCountry "MTN"]

1. e4 e6 2. d4 d5 3. Bd3 Nf6 4. e5 Nfd7 5. c3 c5 6. Ne2 Nc6 7. Nd2 Be7 8. O-O Qb6
9. Nf3 Nf8 10. h4 Bd7 11. g3 O-O-O 12. dxc5 Bxc5 13. b4 Be7 14. a4 Ng6 15. Bxg6 hxg6
16. Ned4 Nxd4 17. Nxd4 Rh5 18. Be3 Qc7 19. Nb5 Bxb5 20. axb5 b6 21. Ra6 Bxh4 22.
gxh4 Rdh8 23. Qf3 Rxh4 24. Bd4 Qe7 25. Rfa1 Qg5+ 26. Kf1 Qd2 27. Be3 Qxc3 28. Kg1
Qxe5 29. Rxa7 Rh1+ 30. Qxh1 Rxh1+ 31. Kxh1 Qh5+ 32. Kg1 Qg4+ 33. Kh2 Qh4+ 34. Kg1
Qg4+ 35. Kf1 Qc4+ 36. Ke1 Qxb4+ 37. Bd2 Qe4+ 38. Kd1 Qg4+ 39. Kc2 Qc4+ 40. Bc3 Qe2+
41. Kc1 Qf1+ 42. Kb2 Qxb5+ 43. Ka3 Kb8 44. Rxf7 Qa6+ 45. Kb2 Qe2+ 46. Kc1 d4 47.
Bd2 Qf1+ 48. Kb2 Qb5+ 49. Kc2 Qc4+ 50. Kd1 Qf1+ 51. Be1 Qd3+ 52. Kc1 Qc4+  1/2-1/2

[Event "2023 African Individual Junior Chess Championships (Open)"]
[Site "Nouakchott"]
[Date "2023.12.06"]
[Round "2"]
[Board "6"]
[White "Ahmed, Cherif Khaled Abdellahi"]
[Black "Abdou, Abdellahi Ahmed Alem"]
[Result "0-1"]
[WhiteElo "1430"]
[BlackElo "1795"]
[PlyCount "0"]
[EventDate "2023.12.05"]
[EventRounds "9"]
[EventCountry "MTN"]

1. e4 c5 2. Nf3 d6 3. Bb5+ Bd7 4. Bxd7+ Qxd7 5. Nc3 Nc6 6. d3 g6 7. Be3 Nf6 8. e5
Ng4 9. exd6 Nxe3 10. fxe3 exd6 11. Ne4 Bg7 12. O-O O-O 13. Qd2 f5 14. Nc3 d5 15.
Na4 Qd6 16. c4 dxc4 17. dxc4 Qxd2 18. Nxd2 Rad8 19. Rad1 Bh6 20. Rfe1 Rfe8 21. Nf1
Rxd1 22. Rxd1 b6 23. Kf2 Ne5 24. b3 Ng4+ 25. Kg3 Nxe3 26. Nxe3 f4+ 27. Kf3 fxe3 28.
Ke2 Rf8 29. Rf1 Rxf1 30. Kxf1 Bg7 31. Ke2 Bd4 32. Kd3 Kf7 33. Nc3 Bxc3 34. Kxc3 Ke6
35. Kd3 Ke5 36. Kxe3 Kf5 37. Kf3 h5 38. h4 g5 39. g3 gxh4 40. gxh4 a6 41. a3 b5 42.
cxb5 axb5 43. a4 c4 44. bxc4 bxa4 45. c5 a3 46. c6 Ke6 47. Kf4 a2 48. Kg5 a1=Q 49.
Kxh5 Qh8+ 50. Kg5 Kf7 51. h5 Kg7 52. c7 Qc8 53. h6+ Kh7  0-1

[Event "2023 African Individual Junior Chess Championships (Open)"]
[Site "Nouakchott"]
[Date "2023.12.06"]
[Round "2"]
[Board "7"]
[White "Kweiri, Tawfik Ezzeddin"]
[Black "Abderrahmane, Tolba"]
[Result "1-0"]
[WhiteElo "1792"]
[BlackElo "1655"]
[PlyCount "0"]
[EventDate "2023.12.05"]
[EventRounds "9"]
[EventCountry "MTN"]

1. e4 e5 2. Nf3 Nc6 3. Nc3 Nf6 4. Bb5 Bc5 5. Nxe5 Nxe5 6. d4 Bd6 7. f4 Ng6 8. e5
Bb4 9. exf6 Qxf6 10. O-O Bxc3 11. bxc3 O-O 12. f5 Ne7 13. Qg4 c6 14. Kh1 cxb5 15.
Bg5 Qc6 16. Bxe7 Re8 17. f6 g6 18. Qg5 Kh8 19. Qh6 Rg8 20. Rf4 g5 21. Bf8 Rg6 22.
Re1 d5 23. Qxg6 hxg6 24. Rf3 Qd7 25. Rh3+ Qxh3 26. gxh3 Bxh3 27. Bg7+ Kg8 28. Re7
b6 29. Bh6 Bf5 30. Bxg5 Bxc2 31. Bf4 Bf5 32. h4 Be6 33. Kg2 a5 34. Bd6 b4 35. cxb4
axb4 36. Bxb4 Rxa2+ 37. Kf3 Ra4 38. Bd6 Rxd4 39. Re8+ Kh7 40. Rxe6 fxe6 41. f7 e5
42. Bxe5 Rd1 43. Ke2  1-0

[Event "2023 African Individual Junior Chess Championships (Open)"]
[Site "Nouakchott"]
[Date "2023.12.06"]
[Round "3"]
[Board "1"]
[White "Hallal, Tarik"]
[Black "Wafa, Hamed"]
[Result "0-1"]
[WhiteElo "1868"]
[BlackElo "2325"]
[PlyCount "0"]
[EventDate "2023.12.05"]
[EventRounds "9"]
[EventCountry "MTN"]

1. e4 c5 2. Nf3 d6 3. d4 cxd4 4. Nxd4 Nf6 5. Nc3 Nc6 6. Bg5 e6 7. Qd2 a6 8. O-O-O
Bd7 9. f3 Nxd4 10. Qxd4 Be7 11. Kb1 Qc7 12. g4 h5 13. gxh5 Nxh5 14. Bxe7 Kxe7 15.
e5 d5 16. f4 g6 17. Be2 Ng7 18. Qb4+ Kd8 19. Bf3 Bc6 20. Nxd5 exd5 21. c4 d4 22.
Rxd4+ Ke8 23. Bxc6+ Qxc6 24. Rhd1 Ne6 25. Rd6 Qe4+ 26. Ka1 Rc8 27. Rd7 Nc5 28. R7d5
Qc2 29. R5d2 Qa4 30. Qb6 Qc6 31. Qb4 Kf8 32. Rd6 Qa4 33. Qb6 Kg7 34. b3 Qe8 35. Qb4
a5 36. Qe1 Rc6 37. Rf6  0-1

[Event "2023 African Individual Junior Chess Championships (Open)"]
[Site "Nouakchott"]
[Date "2023.12.06"]
[Round "3"]
[Board "2"]
[White "Simpson, Michael"]
[Black "Alhassadi, Yousef A."]
[Result "1-0"]
[WhiteElo "2093"]
[BlackElo "2079"]
[PlyCount "0"]
[EventDate "2023.12.05"]
[EventRounds "9"]
[EventCountry "MTN"]

1. d4 d5 2. c4 e6 3. Nc3 h6 4. Nf3 Nf6 5. a3 c5 6. e3 a6 7. cxd5 exd5 8. dxc5 Bxc5
9. b4 Ba7 10. Bb2 O-O 11. Qd3 Nc6 12. Rd1 Be6 13. Be2 Qe7 14. O-O b5 15. Nb1 Rfd8
16. Nd4 Nxd4 17. Bxd4 Rac8 18. Nd2 Bxd4 19. Qxd4 Rc2 20. Bd3 Ra2 21. Nb1 Nd7 22.
Rc1 Qg5 23. h4 Qe5 24. f4 Qxd4 25. exd4 Bg4 26. Rfe1 Nb6 27. Rc6 Nc4 28. Rxa6 Kf8
29. Ra7 Re8 30. Rxe8+ Kxe8 31. Nc3 Rd2 32. Bxc4 bxc4 33. b5 Rxd4 34. b6 Bc8 35. Nb5
Rd1+ 36. Kf2 Rb1 37. Nd6+ Kd8 38. Nxf7+ Ke8 39. Nd6+ Kd8 40. Nf7+ Ke8 41. Nd6+ Kd8
42. Rxg7 Rxb6 43. Rg8+ Kd7 44. Nxc8 Ra6 45. Ke3 Rxa3+ 46. Kd4 Rd3+ 47. Ke5 c3 48.
Nb6+ Kc7 49. f5 Kxb6 50. f6 c2 51. Rc8 Rd2 52. f7 Rf2 53. Ke6 Re2 54. Kxd5 Rd2+ 55.
Ke6 Re2 56. Kf6 Rf2 57. Kg6 Rxg2 58. Kxh6 Rf2 59. Rxc2 Rxf7 60. h5 Rd7 61. Kg6 Rd1
62. h6 Rg1 63. Kf7 Rf1+ 64. Kg7 Rg1+ 65. Kh8 Kb7 66. h7 Kb8 67. Rf2 Kc7 68. Rf7+
Kd6 69. Rg7 Kd5  1-0

[Event "2023 African Individual Junior Chess Championships (Open)"]
[Site "Nouakchott"]
[Date "2023.12.06"]
[Round "3"]
[Board "3"]
[White "Mhango, Banele"]
[Black "George Samir, David"]
[Result "1-0"]
[WhiteElo "2248"]
[BlackElo "1903"]
[PlyCount "0"]
[EventDate "2023.12.05"]
[EventRounds "9"]
[EventCountry "MTN"]

1. d4 Nf6 2. Nc3 d5 3. Bf4 a6 4. e3 b5 5. Nf3 e6 6. Ne5 c5 7. g4 cxd4 8. exd4 Bb4
9. Qf3 Bxc3+ 10. Qxc3 Ne4 11. Qa3 Bb7 12. h4 Qe7 13. Qxe7+ Kxe7 14. a4 Nc6 15. c3
Nxe5 16. Bxe5 f6 17. Bc7 Rhc8 18. Ba5 Bc6 19. Bb4+ Kd7 20. a5 f5 21. Rg1 g6 22. Bd3
Re8 23. f3 Nd6 24. O-O-O Rg8 25. h5 Kc7 26. Rh1 Rg7 27. hxg6 hxg6 28. Rdg1 Rag8 29.
g5 Rd7 30. Re1 Re8 31. Rh6 Rg7 32. Reh1 Reg8 33. Rh8 Rxh8 34. Bxd6+ Kxd6 35. Rxh8
Kc7 36. Kd2 Re7 37. Ke3 e5 38. dxe5 Rxe5+ 39. Kd4 Re6 40. Rh7+ Bd7 41. b3 Kd6 42.
Rg7 Kc6 43. f4 Kd6 44. Rf7 Kc6 45. Rf6 Kd6 46. c4 dxc4 47. bxc4 Rxf6 48. gxf6 Bc8
49. cxb5 axb5 50. Bxb5 Ke6 51. f7 Kxf7 52. Ke5 g5 53. fxg5 Kg6 54. Ke4  1-0

[Event "2023 African Individual Junior Chess Championships (Open)"]
[Site "Nouakchott"]
[Date "2023.12.06"]
[Round "3"]
[Board "4"]
[White "Fates, Omer Salah"]
[Black "Abdellahi, Khaled Abdellahi"]
[Result "1-0"]
[WhiteElo "1760"]
[BlackElo "1869"]
[PlyCount "0"]
[EventDate "2023.12.05"]
[EventRounds "9"]
[EventCountry "MTN"]

1. e4 c5 2. Nf3 Nc6 3. d4 cxd4 4. Nxd4 g6 5. c4 Nf6 6. Nc3 d6 7. Be2 Nxd4 8. Qxd4
Bg7 9. Be3 O-O 10. Qd2 Be6 11. O-O Qa5 12. Rac1 Rfc8 13. b3 a6 14. Bf3 Qb4 15. h3
Nd7 16. Bh6 Rab8 17. Bxg7 Kxg7 18. Be2 b5 19. Qb2 f6 20. a3 Qa5 21. cxb5 axb5 22.
b4 Qa6 23. a4 Bc4 24. axb5 Qb7 25. Rfd1 Nb6 26. Bg4 Nd7 27. Nd5 Kf7 28. Qd2 Rh8 29.
Rxc4  1-0

[Event "2023 African Individual Junior Chess Championships (Open)"]
[Site "Nouakchott"]
[Date "2023.12.06"]
[Round "3"]
[Board "5"]
[White "Abdou, Abdellahi Ahmed Alem"]
[Black "Med, Elmoctar Sidatty Sidaty"]
[Result "0-1"]
[WhiteElo "1795"]
[BlackElo "1708"]
[PlyCount "0"]
[EventDate "2023.12.05"]
[EventRounds "9"]
[EventCountry "MTN"]

1. e4 c6 2. d4 d5 3. e5 Bf5 4. Nc3 e6 5. g4 Bg6 6. Nh3 h6 7. Be3 Bb4 8. Nf4 Bh7 9.
Bd3 Bxd3 10. Qxd3 Ne7 11. a3 Ba5 12. b4 Bc7 13. Nh5 Kf8 14. f4 Ng6 15. Kd2 Nd7 16.
f5 Ngxe5 17. dxe5 Nxe5 18. Bc5+ Ke8 19. fxe6 fxe6 20. Qe2 Nc4+ 21. Ke1 Be5 22. Qf3
Qh4+ 23. Bf2 Qg5 24. Rd1 Rf8 25. Qd3 Qxg4 26. Nxg7+ Bxg7 27. Rg1 Bxc3+ 28. Qxc3 Qe4+
29. Kf1 Ne3+  0-1

[Event "2023 African Individual Junior Chess Championships (Open)"]
[Site "Nouakchott"]
[Date "2023.12.06"]
[Round "3"]
[Board "7"]
[White "Olisa, Tennyson Ewomazino"]
[Black "Junior, Domingos"]
[Result "1-0"]
[WhiteElo "2209"]
[BlackElo "2142"]
[PlyCount "0"]
[EventDate "2023.12.05"]
[EventRounds "9"]
[EventCountry "MTN"]

1. c4 Nf6 2. Nc3 e5 3. Nf3 Nc6 4. e3 Be7 5. d4 exd4 6. Nxd4 O-O 7. Nc2 Re8 8. Be2
a5 9. O-O Bc5 10. b3 d6 11. Bb2 Bf5 12. Nd4 Nxd4 13. exd4 Ba7 14. Bf3 c6 15. d5 Qc7
16. Qd2 Rad8 17. Rad1 h6 18. Qf4 Bg6 19. Ba3 Bb8 20. Rd2 Re5 21. h4 c5 22. Bb2 Rf5
23. Qg3 Re8 24. Ne2 h5 25. Qh2 Qd8 26. Nf4 Nd7 27. Qg3 Ne5 28. Be4 Rf6 29. Re2 Bxe4
30. Rxe4 Rf5 31. Rfe1 Rf8 32. Nd3 Qf6 33. Bxe5 dxe5 34. Nxc5 Ba7 35. Nd3 Bd4 36.
R1e2 Kh8 37. Nxe5 Ba7 38. Nd7 Qa1+ 39. Re1 Qb2 40. R4e2 Qd4 41. Nxf8 Rf4 42. Nd7
Rg4 43. Qe3  1-0

[Event "2023 African Individual Junior Chess Championships (Open)"]
[Site "Nouakchott"]
[Date "2023.12.06"]
[Round "3"]
[Board "8"]
[White "Abderrahmane, Tolba"]
[Black "Ahmed, Cherif Khaled Abdellahi"]
[Result "0-1"]
[WhiteElo "1655"]
[BlackElo "1430"]
[PlyCount "0"]
[EventDate "2023.12.05"]
[EventRounds "9"]
[EventCountry "MTN"]

1. e4 c5 2. Nf3 Nc6 3. d4 cxd4 4. Nxd4 g6 5. Nc3 Bg7 6. Be3 Nf6 7. Bc4 O-O 8. O-O
Nxe4 9. Nxe4 d5 10. Nxc6 bxc6 11. Qd3 dxc4 12. Qxc4 Qd5 13. Qb4 e6 14. Bc5 a5 15.
Qa4 Rd8 16. c3 Ba6 17. Rfd1 Bb5 18. Rxd5 Bxa4 19. Rxd8+ Rxd8 20. Bb6 Rb8 21. Nc5
Bc2 22. Rc1 Rxb6 23. Rxc2 Rb5 24. Na4 Rd5 25. g3 f5 26. Kg2 e5 27. Re2 Kf7 28. f3
Bf6 29. a3 Ke6 30. Nb6 Rb5 31. Nc4 Rc5 32. Nb6 Bd8 33. Na4 Rd5 34. c4 Rd4 35. Nc5+
Kd6 36. Nb7+ Ke6 37. Nc5+ Kd6 38. Nb7+ Ke6 39. Nxd8+ Rxd8 40. b4 Rd3 41. Ra2 axb4
42. axb4 Rc3 43. c5 Kd5 44. Rb2 Kc4 45. b5 cxb5 46. c6 b4 47. c7 Kb5 48. Re2 e4 49.
fxe4 fxe4 50. Rxe4 Rxc7 51. Kf1 b3 52. Re3 Ka4 53. Ke1 Ka3 54. Kd1 Ka2 55. Re6 Rc2
56. Ra6+ Kb2 57. h4 Rc3 58. Ra7 Rd3+ 59. Ke2 Kc2 60. Ra3 Rxg3 61. h5 Rg5 62. hxg6
Re5 63. Kf3 hxg6 64. Kf4 Rf5+ 65. Ke3 b2 66. Ra7 b1=Q 67. Rc7+ Kd1 68. Rd7+ Ke1 69.
Rd1+ Qxd1 70. Kd4  0-1

[Event "2023 African Individual Junior Chess Championships (Open)"]
[Site "Nouakchott"]
[Date "2023.12.07"]
[Round "4"]
[Board "1"]
[White "Wafa, Hamed"]
[Black "Simpson, Michael"]
[Result "1-0"]
[WhiteElo "2325"]
[BlackElo "2093"]
[PlyCount "0"]
[EventDate "2023.12.05"]
[EventRounds "9"]
[EventCountry "MTN"]

1. e4 c5 2. Nf3 Nc6 3. Bb5 Nf6 4. Nc3 g6 5. O-O Bg7 6. Bxc6 bxc6 7. Re1 O-O 8. d3
d6 9. e5 Nd5 10. h3 h6 11. Ne4 f5 12. Nc3 g5 13. Nxd5 cxd5 14. d4 f4 15. c3 a5 16.
Qb3 c4 17. Qb5 e6 18. Qa4 Bd7 19. Qc2 Be8 20. b3 cxb3 21. axb3 h5 22. h4 gxh4 23.
exd6 Qf6 24. Qe2 Bg6 25. Qxe6+ Qxe6 26. Rxe6 Bc2 27. c4 dxc4 28. bxc4 Bb3 29. Nd2
a4 30. Bb2 Rfb8 31. d7 Kf7 32. Rae1 Bf8 33. d5 a3 34. Ba1 Bb4 35. Rf6+ Kg8 36. Re5
Bxd2 37. Rg5+ Kh7 38. Rxh5+ Kg7 39. Re6+ Kf7 40. Rh7+ Kf8 41. Ree7 Bc2 42. Ref7+
 1-0

[Event "2023 African Individual Junior Chess Championships (Open)"]
[Site "Nouakchott"]
[Date "2023.12.07"]
[Round "4"]
[Board "2"]
[White "Med, Elmoctar Sidatty Sidaty"]
[Black "Mhango, Banele"]
[Result "0-1"]
[WhiteElo "1708"]
[BlackElo "2248"]
[PlyCount "0"]
[EventDate "2023.12.05"]
[EventRounds "9"]
[EventCountry "MTN"]

1. d4 Nf6 2. c4 c5 3. d5 d6 4. Nc3 e5 5. e4 Be7 6. h3 Nbd7 7. Nf3 O-O 8. Bd3 Ne8
9. g4 g6 10. O-O Ng7 11. Kh1 Kh8 12. Bh6 Nf6 13. Rg1 Ng8 14. Bd2 Bd7 15. a4 a6 16.
Ra3 Qe8 17. Bf1 f5 18. gxf5 gxf5 19. Ng5 h6 20. Ne6 Nxe6 21. dxe6 Bxe6 22. exf5 Rxf5
23. Nd5 Bh4 24. Qg4 Bg5 25. Bxg5 Rxg5 26. Qd1 Rxg1+ 27. Kxg1 Rd8 28. Rg3 Qf7 29.
Ne3 Rf8 30. Qd2 Qf4 31. Bg2 Rf7 32. Rg6 Bc8 33. Rg3 Rf6 34. Qe1 Ne7 35. Rf3 Qh4 36.
Rxf6 Qxf6 37. Qa5 Qe6 38. Qd8+ Kg7 39. Qe8 Qd7 40. Qxd7 Bxd7 41. Bxb7 a5 42. Kg2
Bxa4 43. Kf3 Bd7 44. h4 Nf5 45. Ke4 Nxe3 46. Kxe3 Be6 47. Ba6 Kg6 48. f4 Kf5 49.
fxe5 Kxe5 50. Bb5 Kf5 51. Kf3 d5 52. cxd5 Bxd5+ 53. Kg3 Ke4 54. Kg4 Bf7 55. Ba4 c4
56. Bb5 Kd3 57. b3 Kc3 58. bxc4 Bxc4 59. Bxc4 Kxc4 60. Kh5 a4 61. Kxh6 a3 62. Kg6
a2  0-1